|
|
|
|
| LEADER |
01144nam a2200277 u 4500 |
| 001 |
10026858 |
| 003 |
upatras |
| 005 |
20210505113440.0 |
| 008 |
970330s1968 us eng |
| 952 |
|
|
|0 0
|1 0
|4 0
|6 515_000000000000000_FAD
|7 0
|9 197215
|a PHYS
|b PHYS
|d 2016-04-24
|i 00683
|l 0
|o 515 FAD
|p 025000019176
|r 2016-04-24 00:00:00
|t 1
|w 2016-04-24
|y BK15
|
| 999 |
|
|
|c 121054
|d 121054
|
| 040 |
|
|
|a GR-PaULI
|c GR-PaULI
|
| 050 |
|
4 |
|a 65-1483
|
| 100 |
1 |
|
|a Fadell, Albert G.
|9 150494
|
| 245 |
1 |
0 |
|a Vector calculus and differential equations /
|c by Albert G. Fadell ; illustrations by Don Kurtis.
|
| 260 |
|
|
|a Princeton ;
|b D. Van Nostrand,
|c 1968.
|
| 300 |
|
|
|a xii, 558 σ. ;
|c 24 εκ.
|
| 490 |
0 |
|
|a The university series in undergraduate mathematics
|
| 500 |
|
|
|a Περιλαμβάνει ευρετήριο.
|
| 650 |
|
4 |
|a Λογισμός, Διαφορικός
|9 1806
|
| 650 |
|
4 |
|a Λογισμός
|9 3056
|
| 650 |
|
4 |
|a Ολοκληρώματα
|9 3714
|
| 700 |
1 |
|
|a Kurtis, Don
|9 150495
|
| 760 |
1 |
|
|a The university series in undergraduate mathematics
|
| 852 |
|
|
|a GR-PaULI
|b ΠΑΤΡΑ
|b ΦΥΣΙΚΟ
|k ΑΕΧ-1
|h 515 FAD
|m 00683
|p 025000019176
|t 1
|
| 942 |
|
|
|2 ddc
|c BK15
|